[Event "7th Veselin Boskovic Mem Op"]
[Site "Beograd SRB"]
[Date "2006.10.03"]
[Round "2"]
[White "Nestorovic,DN"]
[Black "Jokic,Mio"]
[Result "1-0"]
[WhiteElo "2400"]
[BlackElo "2168"]

1.e4 d6 2.d4 Nf6 3.Nc3 e5 4.Nge2 c6 5.a4 a5 6.h3 h5 7.g3 Be7 8.Bg2 Nbd7 9.Be3 Qc7
10.O-O g6 11.Qd2 b6 12.d5 Ba6 13.dxc6 Qxc6 14.f4 Rc8 15.f5 Nc5 16.fxg6 fxg6
17.Qd1 O-O 18.Bg5 Ne6 19.Bh6 Ng7 20.Qd2 Kh7 21.Be3 Bc4 22.Rf2 Qc7 23.Kh2 Qc6
24.Ng1 Kg8 25.Re1 Nh7 26.Nf3 Rf6 27.Nh4 Rcf8 28.Rxf6 Rxf6 29.Nd5 Bxd5 30.Qxd5+ Qxd5
31.exd5 Kh8 32.g4 hxg4 33.hxg4 g5 34.Nf3 Rf7 35.Nd2 Nf6 36.Kg3 Kh7 37.Nc4  1-0

[Event "Goodbye Summer Open"]
[Site "Omis CRO"]
[Date "2006.10.04"]
[Round "1"]
[White "Jokic,B"]
[Black "Jurkovic,A"]
[Result "0-1"]
[WhiteElo "2013"]
[BlackElo "2340"]

1.e4 d6 2.d4 Nf6 3.Nc3 Nbd7 4.Nf3 e5 5.d5 Be7 6.h3 c6 7.Be3 Qa5 8.dxc6 bxc6
9.Bd2 Qc7 10.Bc4 Rb8 11.Bb3 Nc5 12.Ng5 O-O 13.Be3 Ba6 14.Qd2 Nfd7 15.O-O-O Nb6
16.Bxc5 dxc5 17.h4 c4 18.Ba4 Bb4 19.Bb3 cxb3 20.axb3 Qe7 21.Qe3 f6 22.Nh3 Rfd8
23.g4 Qc5 24.Qxc5 Bxc5 25.g5 Kf7 26.Rhg1 Rd4 27.Rg3 Rxd1+ 28.Nxd1 Rd8 29.c4 Bc8
30.Ng1 h5 31.g6+ Ke7 32.Ne3 Rd4 33.Nc2 Rxe4 34.f3 Rxh4 35.Ne2 Rh2 36.Nc3 h4  0-1

[Event "Goodbye Summer Open"]
[Site "Omis CRO"]
[Date "2006.10.06"]
[Round "5"]
[White "Orak,L"]
[Black "Jurkovic,A"]
[Result "1-0"]
[WhiteElo "2298"]
[BlackElo "2340"]

1.e4 d6 2.d4 Nf6 3.Nc3 Nbd7 4.Nf3 e5 5.Bc4 Be7 6.O-O O-O 7.Re1 c6 8.a4 Qc7
9.a5 h6 10.h3 Re8 11.d5 cxd5 12.Bxd5 Nxd5 13.Nxd5 Qd8 14.Be3 Nf6 15.Nxf6+ Bxf6
16.Qd2 Be7 17.c4 Bf8 18.Red1 Qf6 19.Kh2 Qg6 20.Qd3 Qh5 21.Nd2 Re6 22.Nf1 Qg6
23.Bd2 Rf6 24.f3 Qh5 25.g4 Qh4 26.Be1 Qg5 27.Bg3 h5 28.h4 Qg6 29.g5 Re6 30.Ne3 Re8
31.Nd5 Rb8 32.Bf2 Be6 33.Bxa7 Rbc8 34.Ne3 f6 35.Rg1 Be7 36.Nd5 fxg5 37.Nxe7+ Rxe7
38.Rxg5 Qf6 39.b3 Qf4+ 40.Kg2 Qxh4 41.Rg3 Qf6 42.Be3 Rd7 43.Bg5 Qg6 44.a6 bxa6
45.Rxa6 Rb8 46.Bh4 Qf7 47.Rxd6 Rxb3 48.Qxb3 Rxd6 49.Qb4 Qd7 50.Qb8+ Kf7 51.Rg5 Bxc4
52.Rf5+ Kg6 53.Qh8 Qxf5 54.exf5+ Kxf5 55.Qxh5+ Ke6 56.Qg4+ Kd5 57.Qe4+ Kc5
58.Be7  1-0

[Event "56th TCh-BUL w"]
[Site "Sunny Beach BUL"]
[Date "2006.10.06"]
[Round "2"]
[White "Jordanova,S"]
[Black "Dimitrova,L"]
[Result "1-0"]
[WhiteElo "2248"]
[BlackElo "2123"]

1.e4 d6 2.d4 Nf6 3.Nc3 c6 4.Nf3 Qa5 5.Bd3 e5 6.h3 Be7 7.O-O O-O 8.Re1 Re8
9.Rb1 Qc7 10.Bd2 a5 11.a4 Bf8 12.Ne2 Nbd7 13.Ng3 exd4 14.Nxd4 Nc5 15.b3 d5
16.exd5 Rxe1+ 17.Bxe1 Nxd3 18.Qxd3 Nxd5 19.Bd2 Bd7 20.Re1 Re8 21.Rxe8 Bxe8
22.Ne4 b6 23.c4 Ne7 24.Bc3 Ng6 25.Nf5 c5 26.Bb2 Bc6 27.Nh6+ Kh8 28.Ng5 Be8
29.Qd8 Qe7 30.Qxe7 Bxe7 31.Ngxf7+ Bxf7 32.Nxf7+ Kg8 33.Ne5 Bf6 34.Nxg6 Bxb2
35.Nf4 Kf7 36.Kf1 Kf6 37.Ke2 Kf5 38.Nd5 Ke4 39.Nxb6 g6 40.Nd5 Bg7 41.Kd2  1-0

[Event "Goodbye Summer Open"]
[Site "Omis CRO"]
[Date "2006.10.07"]
[Round "7"]
[White "Deur,Z"]
[Black "Jurkovic,A"]
[Result "0-1"]
[WhiteElo "1939"]
[BlackElo "2340"]

1.e4 d6 2.d4 Nf6 3.Nc3 Nbd7 4.Bg5 e5 5.Nf3 c6 6.dxe5 dxe5 7.Qd2 Bb4 8.Bd3 Qa5
9.O-O h6 10.Bh4 g5 11.Bg3 Nh5 12.a3 Bxc3 13.Qxc3 Qxc3 14.bxc3 f6 15.Nd2 Nc5
16.Nb3 Na4 17.f3 Nxg3 18.hxg3 b6 19.c4 Be6 20.Rab1 Ke7 21.Kf2 h5 22.Rh1 Rh7
23.Rh2 Rah8 24.Rbh1 h4 25.gxh4 Rxh4 26.Rxh4 Rxh4 27.Rxh4 gxh4 28.g3 hxg3+
29.Kxg3 Nb2 30.Nd2 Nd1 31.Kh4 Bf7 32.Nb1 Kd6 33.Nd2 a5 34.Kg3 a4 35.Be2 Ne3
36.Bd3 Kc5 37.Kf2 Kd4 38.Ke2 Nxc4 39.Nb1 Nd6 40.c3+ Kc5 41.Kf2 b5 42.Ke2 Kb6
43.f4 Bc4 44.fxe5 fxe5 45.Nd2 Kc5 46.Ke3 Bxd3 47.Kxd3 Kb6 48.Ke3 c5 49.Kd3 Kc6
50.Kc2 Kd7 51.Kd3 Ke6 52.c4 b4 53.axb4 cxb4 54.c5 Nb7 55.Kc4 b3 56.Kb4 b2
57.c6 Nc5 58.Kxc5 a3 59.Kb5 a2 60.Nb1 axb1=Q 61.c7  0-1

[Event "56th TCh-BUL"]
[Site "Sunny Beach BUL"]
[Date "2006.10.07"]
[Round "3"]
[White "Chatalbashev,B"]
[Black "Andonov,B"]
[Result "1-0"]
[WhiteElo "2507"]
[BlackElo "2391"]

1.d4 d6 2.e4 Nf6 3.Nc3 c6 4.f4 Qa5 5.Bd3 e5 6.Nf3 Bg4 7.Be3 Nbd7 8.O-O Be7
9.h3 Bxf3 10.Qxf3 O-O 11.Ne2 exd4 12.Nxd4 g6 13.Qg3 Rfe8 14.Nf5 Bf8 15.Qg5 Qd8
16.Nh6+ Bxh6 17.Qxh6 Nxe4 18.Bd4 f6 19.f5 g5 20.h4 gxh4 21.Rf4 Ng5 22.Rxh4 Ne5
23.Re1 Qe7 24.Re3 Qg7 25.Qh5 Kh8 26.Rg3 Re7 27.Be3  1-0

[Event "56th TCh-BUL"]
[Site "Sunny Beach BUL"]
[Date "2006.10.08"]
[Round "4"]
[White "Mladenov,P"]
[Black "Mollov,E"]
[Result "1/2-1/2"]
[WhiteElo "2229"]
[BlackElo "2408"]

1.d4 d6 2.e4 Nf6 3.Nc3 Nbd7 4.Bc4 e5 5.Nf3 Be7 6.O-O O-O 7.h3 c6 8.a4 h6
9.Be3 Re8 10.dxe5 dxe5 11.Nh4 Nb6 12.Bb3 Qxd1  1/2-1/2

[Event "Open"]
[Site "Winterthur SUI"]
[Date "2006.10.08"]
[Round "3"]
[White "Kamber,B"]
[Black "Pikula,D"]
[Result "1/2-1/2"]
[WhiteElo "2325"]
[BlackElo "2542"]

1.e4 d6 2.d4 Nf6 3.Nc3 e5 4.Nf3 Nbd7 5.h3 g6 6.Bg5 c6 7.dxe5 dxe5 8.Nxe5 Qa5
9.Nxd7 Nxd7 10.Qd2 Bb4 11.Be2 O-O 12.O-O Re8 13.f3 Bf8 14.Kh1 Bg7 15.f4 f6
16.Bh4 Nc5 17.Rad1 Be6 18.a3 Rad8 19.Qe3 Rxd1 20.Rxd1 Nd7 21.Bc4 Nf8 22.Qd4 Qc7
23.f5 Bxc4 24.Qxc4+ Qf7 25.Qd4 a6 26.Qd6 Re7 27.Qd8 Re8 28.Qd6 Re7 29.Qd8 Re8  1/2-1/2

[Event "22nd ECU Club Cup"]
[Site "Feugen AUT"]
[Date "2006.10.09"]
[Round "2"]
[White "Ahn,M"]
[Black "Trevelyan,J"]
[Result "1/2-1/2"]
[WhiteElo "2306"]
[BlackElo "2228"]

1.e4 d6 2.d4 Nf6 3.Nc3 e5 4.Nf3 Nbd7 5.Bc4 Be7 6.O-O O-O 7.Re1 c6 8.a4 h6
9.Ba2 Nh7 10.Ne2 Ng5 11.Nxg5 Bxg5 12.f4 exf4 13.Bxf4 Bxf4 14.Nxf4 Qg5 15.Rf1 Nf6
16.Qd3 Bd7 17.Rae1 Rae8 18.Kh1 d5 19.e5 Nh5 20.Nxh5 Qxh5 21.c3 g6 22.Qg3 Bf5
23.h4 Qg4 24.Qxg4 Bxg4 25.Bb1 Re6 26.Kh2 Kg7 27.Kg3 h5 28.a5 f6 29.Rxf6 Rfxf6
30.exf6+ Kxf6 31.Rxe6+ Bxe6 32.Kf4 b6 33.axb6 axb6 34.Bc2 Bd7 35.Ba4 Be8
36.Bd1 Bd7 37.Bc2 Be8 38.b3 Bd7 39.Bd1 Bf5 40.Bf3 Bc2 41.b4 Ba4 42.Be2 Bb3
43.b5 cxb5 44.Bxb5 Ba2 45.Be8 Bc4 46.Ke3 Bb3 47.Bb5 Kf5 48.Bd3+ Kf6 49.Bb5 Bc2
50.g3 Ke7 51.Kf4 Kf6 52.c4 dxc4 53.Bxc4 Ba4 54.Ke4 g5 55.Be2 gxh4 56.gxh4 Bc6+
57.d5 Bxd5+ 58.Kxd5 Kg7  1/2-1/2

[Event "22nd ECU Club Cup"]
[Site "Feugen AUT"]
[Date "2006.10.09"]
[Round "2"]
[White "Wegerle,J"]
[Black "Minasian,Art"]
[Result "1-0"]
[WhiteElo "2411"]
[BlackElo "2596"]

1.e4 d6 2.d4 Nf6 3.Nc3 c6 4.Nf3 Bg4 5.h3 Bh5 6.Qe2 e6 7.g4 Bg6 8.Bg2 Be7
9.h4 h5 10.g5 Nfd7 11.Be3 d5 12.Nd2 Na6 13.a3 Nc7 14.f4 dxe4 15.Ndxe4 Bxe4
16.Nxe4 Nd5 17.Bd2 Qb6 18.O-O-O g6 19.c4 Qa6 20.Rh3 N5b6 21.Bf1 O-O-O 22.Nc3 Rhe8
23.f5 gxf5 24.c5 Qxe2 25.Bxe2 Na8 26.Bxh5 Rf8 27.Bf4 Nc7 28.Re1 Ne8 29.b4 Ng7
30.Bf3 Rh8 31.d5 cxd5 32.Nxd5 Bf8 33.Nc3 a6 34.h5 e5 35.Bxe5 Nxe5 36.Rxe5 Ne6
37.Rxf5 Nxg5 38.Rg3 Bh6 39.Kc2 Ne6 40.Rxf7 Nd4+ 41.Kb2 Nxf3 42.Rgxf3 Rhg8
43.Ne4 Bg7+ 44.Kb3 Be5 45.Re7 Bc7 46.h6 Rg6 47.Rh3 Rh8 48.h7 b6 49.cxb6 Bxb6
50.Rg3 Rxg3+ 51.Nxg3 Bd4 52.Nf5 Kd8 53.Re6 Bf2 54.Rh6 Ke8 55.Ka4 Kf7 56.Ka5 Be1
57.Kxa6 Bc3 58.Rh3 Be5 59.Nh6+ Ke6 60.Ng8  1-0

[Event "56th TCh-BUL"]
[Site "Sunny Beach BUL"]
[Date "2006.10.09"]
[Round "5"]
[White "Jovchev,A"]
[Black "Bojkov,D"]
[Result "0-1"]
[WhiteElo "2255"]
[BlackElo "2445"]

1.d4 Nf6 2.Nc3 d6 3.e4 e5 4.Nge2 c6 5.g3 b5 6.a3 Be7 7.Bg2 Bb7 8.O-O Nbd7
9.d5 cxd5 10.exd5 a6 11.h3 Nb6 12.g4 Rc8 13.Ng3 O-O 14.Nf5 Re8 15.Bg5 h6
16.Bxh6 gxh6 17.Nxh6+ Kg7 18.Nf5+ Kf8 19.g5 Ng8 20.h4 Rc4 21.f4 exf4 22.Qh5 Bf6
23.gxf6 Qxf6 24.Rfe1 Rxe1+ 25.Rxe1 Bc8 26.Bh3 Bxf5 27.Bxf5 f3 28.Ne4 f2+
29.Nxf2 Rxh4 30.Qf3 Qg5+ 31.Kf1 Rf4 32.Qe3 Nc4 33.Qe8+ Kg7 34.Bh3 Qg3  0-1

[Event "FSGM October"]
[Site "Budapest HUN"]
[Date "2006.10.10"]
[Round "4"]
[White "Papp,Ge"]
[Black "Eisenbeiser,A"]
[Result "1-0"]
[WhiteElo "2324"]
[BlackElo "2349"]

1.e4 d6 2.d4 Nf6 3.Nc3 Nbd7 4.Nf3 e5 5.Bc4 Be7 6.O-O O-O 7.Re1 c6 8.a4 b6
9.Ba2 Bb7 10.Qd3 a6 11.Nh4 exd4 12.Qxd4 c5 13.Qd1 g6 14.Nf3 Ne5 15.Bf4 Qc7
16.Nd2 Rfe8 17.Nc4 Bc6 18.Ne3 Bf8 19.Ned5 Bxd5 20.Nxd5 Nxd5 21.Bxd5 Ra7 22.Qd2 Nd7
23.f3 c4 24.b3 c3 25.Qd3 Ne5 26.Qf1 Nc6 27.Qc4 Ne5 28.Qxc7 Rxc7 29.Be3 Rb8
30.Rad1 Nc6 31.Bxc6 Rxc6 32.Rd5 f6 33.Red1 Kf7 34.R1d3 Rd8 35.Kf2 Ke6 36.f4 Be7
37.g4 Rf8 38.Kg3 Rb8 39.Bd4 Rbc8 40.h4 Kf7 41.g5 fxg5 42.hxg5 Bf8 43.Kg4 h6
44.gxh6 Bxh6 45.Rh3 Bf8 46.Rh7+ Kg8 47.Rb7 R8c7 48.Rxc7 Rxc7 49.Bxb6 Rc6
50.Bd4 Kf7 51.f5 gxf5+ 52.exf5 Be7 53.Kf3 Bf6 54.Ke4 Bg5 55.Kd3 Bd2 56.b4 Ke7
57.b5 axb5 58.axb5 Rc7 59.b6 Rb7 60.Kc4  1-0

[Event "22nd ECU Club Cup"]
[Site "Feugen AUT"]
[Date "2006.10.10"]
[Round "3"]
[White "Atlas,D"]
[Black "Hautot,S"]
[Result "1/2-1/2"]
[WhiteElo "2294"]
[BlackElo "2368"]

1.e4 d6 2.d4 Nf6 3.Nc3 Nbd7 4.Nge2 e5 5.g3 Be7 6.Bg2 O-O 7.O-O c6 8.a4 b6
9.h3 a6 10.g4 Bb7 11.Ng3 exd4 12.Qxd4 b5 13.Bf4 c5 14.Qd2 b4 15.Nd5 Nxd5
16.exd5 g6 17.Rfe1 Re8 18.c4 bxc3 19.bxc3 Qc7 20.c4 Bf6 21.Rxe8+ Rxe8 22.Rb1 Bc8
23.Ne4 Be5 24.Be3 Bg7 25.Qc2 Ne5 26.f4 Nxg4 27.hxg4 f5 28.gxf5 gxf5 29.Bf2 fxe4
30.Bxe4 h6 31.Re1 Qd7 32.Bh7+ Kh8 33.Rxe8+ Qxe8 34.Bf5 Bxf5 35.Qxf5 Qxa4
36.Qc8+ Kh7 37.Qf5+ Kh8 38.Qc8+ Kh7 39.Qf5+ Kg8 40.Qf8+  1/2-1/2

[Event "Corporacion del Sur A"]
[Site "Buenos Aires ARG"]
[Date "2006.10.11"]
[Round "9"]
[White "Needleman,G"]
[Black "Felgaer,R"]
[Result "1-0"]
[WhiteElo "2427"]
[BlackElo "2591"]

1.e4 d6 2.d4 Nf6 3.Nc3 c6 4.a4 Nbd7 5.Nf3 e5 6.Bc4 Be7 7.O-O O-O 8.Qe2 a5
9.Rd1 Qb6 10.d5 Nc5 11.Be3 Bg4 12.b3 Kh8 13.h3 Bh5 14.g4 Bg6 15.Ne1 Nfd7
16.Nd3 h6 17.f3 Rad8 18.Nxc5 Nxc5 19.Qf2 Qc7 20.Bxc5 dxc5 21.Rd3 Bh7 22.Rad1 Bg8
23.Kg2 Kh7 24.h4 g6 25.dxc6 bxc6 26.Kh3 Qc8 27.Ne2 Rxd3 28.Rxd3 h5 29.Ng3 Rd8
30.Qd2 Rxd3 31.Qxd3 Kg7 32.Qd2 hxg4+ 33.fxg4 Qd8 34.Qxd8 Bxd8 35.g5 Bh7 36.Kg4 Be7
37.Nf1 Bd8 38.Nd2 Bc7 39.Nf3 Kf8 40.Kg3 Ke7 41.Kf2 Bd6 42.Ke3 Bc7 43.Kf2 Bd6
44.Ke3 Bc7 45.Kd3 Bd6 46.Nd2 f5 47.Nf1 Kf8 48.Ne3 f4 49.Ng4 Bg8 50.Bxg8 Kxg8
51.Ke2 Kf7 52.Kf3 Ke6 53.Nh2 Bc7 54.Kg4 Kf7 55.Nf3 Kg7 56.c4 Bb8 57.h5 Bc7
58.hxg6 Kxg6 59.Nh4+ Kf7 60.Kf5 Kg7 61.Ke6 Bd8 62.Kxe5 Bxg5 63.Nf3 Kg6 64.Kd6 Kh5
65.e5 Kg4 66.Nxg5 Kxg5 67.e6 f3 68.e7 f2 69.e8=Q f1=Q 70.Qe3+ Kg4 71.Kxc6 Qf8
72.Qxc5 Qf3+ 73.Kb5 Qxb3+ 74.Kxa5 Qb8 75.Qb6 Qa8+ 76.Kb4 Kh3 77.c5 Qe4+ 78.Ka5 Qe1+
79.Ka6 Qe2+ 80.Qb5 Qe6+ 81.c6 Kh2 82.Kb7 Qe4 83.a5 Qe7+ 84.c7 Qe4+ 85.Kb8  1-0

[Event "22nd ECU Club Cup"]
[Site "Feugen AUT"]
[Date "2006.10.12"]
[Round "5"]
[White "Hisler,T"]
[Black "Deglmann,L"]
[Result "1/2-1/2"]
[WhiteElo "2237"]
[BlackElo "2334"]

1.e4 d6 2.d4 Nf6 3.Nc3 e5 4.f4 exd4 5.Qxd4 Nc6 6.Bb5 Bd7 7.Qf2 g6 8.Nf3 Bg7
9.Bd2 O-O 10.O-O-O a6 11.Bxc6 Bxc6 12.e5 dxe5 13.fxe5 Ng4 14.Qg3 Bxf3 15.gxf3 Nxe5
16.Bf4 Qf6 17.Nd5 Nd3+ 18.Rxd3 Qxb2+ 19.Kd2 Rad8 20.Re1 Qxa2 21.Qg5 f6 22.Ne7+ Kf7
23.Qc5 Rxd3+ 24.Kxd3 Rd8+ 25.Ke2 Bf8 26.Qxc7 Bxe7 27.Kf1 Qa3 28.Qxb7 Qc5
29.Qxa6 Qd5  1/2-1/2

[Event "22nd ECU Club Cup"]
[Site "Feugen AUT"]
[Date "2006.10.12"]
[Round "5"]
[White "Boensch,U"]
[Black "Berend,F"]
[Result "1/2-1/2"]
[WhiteElo "2524"]
[BlackElo "2354"]

1.d4 d6 2.e4 Nf6 3.Nc3 e5 4.Nf3 exd4 5.Nxd4 Be7 6.g3 d5 7.exd5 Nxd5 8.Nde2 Nb4
9.a3 Qxd1+ 10.Kxd1 N4a6 11.Bg2 O-O 12.Bf4 c6 13.b4 Nd7 14.Kc1 Re8 15.Nd4 g5
16.Bd2 Ne5 17.Ne4 h6 18.Re1 Nc7 19.Nxg5 Bxg5 20.f4 Bf6 21.fxe5 Rxe5 22.Rxe5 Bxe5
23.c3 a5 24.bxa5 Rxa5 25.a4 Bg7 26.Kc2 Rc5 27.Kb2 Ne6 28.Nb3 Rh5 29.h4 Re5
30.Re1 Rxe1 31.Bxe1 Be5 32.Bf2 Ng7 33.Nc5 Ne8 34.Nd3 Bc7  1/2-1/2

[Event "22nd ECU Club Cup"]
[Site "Feugen AUT"]
[Date "2006.10.13"]
[Round "6"]
[White "Couso,L"]
[Black "Gonzalez de la Torre,S"]
[Result "0-1"]
[WhiteElo "2294"]
[BlackElo "2357"]

1.e4 d6 2.d4 Nf6 3.Nc3 e5 4.Nf3 Nbd7 5.Bc4 Be7 6.O-O O-O 7.Re1 c6 8.a4 b6
9.d5 cxd5 10.Nxd5 Bb7 11.b3 Rc8 12.Nxe7+ Qxe7 13.Bg5 h6 14.Bxf6 Nxf6 15.Qd3 Rfd8
16.Nh4 Bxe4 17.Rxe4 d5 18.Nf5 Qe6 19.Nxg7 dxc4 20.Qxd8+ Kxg7  0-1

[Event "22nd ECU Club Cup"]
[Site "Feugen AUT"]
[Date "2006.10.13"]
[Round "6"]
[White "Asrian,K"]
[Black "Eljanov,P"]
[Result "1/2-1/2"]
[WhiteElo "2634"]
[BlackElo "2658"]

1.e4 d6 2.d4 Nf6 3.Nc3 e5 4.Nf3 Nbd7 5.Bc4 Be7 6.O-O O-O 7.a4 c6 8.Ba2 b6
9.Re1 a6 10.Bg5 Rb8 11.d5 c5 12.Bc4 Nh5 13.Bxe7 Qxe7 14.Nd2 g6 15.Bf1 Ndf6
16.g3 Ne8 17.Nc4 Nhg7 18.Rb1 Qc7 19.b4 f5 20.b5 a5 21.exf5 Bxf5 22.Bg2 Nf6
23.Qd2 Ngh5 24.h3 Bd7 25.Re2 Rf7 26.Rbe1 Rbf8 27.Nd1 Bc8 28.Kh2 Qd8 29.Kg1 Ne8
30.Qc3 Nhg7 31.Nde3 Nf5 32.Nxf5 Bxf5 33.Qd2  1/2-1/2

[Event "22nd ECU Club Cup"]
[Site "Feugen AUT"]
[Date "2006.10.13"]
[Round "6"]
[White "Nepomniachtchi,I"]
[Black "Hautot,S"]
[Result "1-0"]
[WhiteElo "2545"]
[BlackElo "2368"]

1.e4 d6 2.d4 Nf6 3.Nc3 Nbd7 4.Nf3 e5 5.g4 h6 6.g5 hxg5 7.Nxg5 exd4 8.Qxd4 Ne5
9.Be2 Be7 10.f4 Nfg4 11.h3 Nh6 12.Rg1 Nc6 13.Qd3 Ng8 14.Be3 f6 15.Nf3 Bf8
16.O-O-O Be6 17.Qb5 Qc8 18.Nd4 Bd7 19.Bh5+ Kd8 20.Qe2 Nxd4 21.Rxd4 a5 22.e5 fxe5
23.fxe5 dxe5 24.Bg5+ Nf6 25.Qxe5 c5 26.Nb5 Be7 27.Re1  1-0

[Event "Open"]
[Site "Winterthur SUI"]
[Date "2006.10.13"]
[Round "8"]
[White "Berzina,I"]
[Black "Zesiger,H"]
[Result "1-0"]
[WhiteElo "2287"]
[BlackElo "2093"]

1.e4 d6 2.d4 Nf6 3.Nc3 e5 4.Nf3 Nbd7 5.Be2 Be7 6.O-O c6 7.a4 b6 8.b3 O-O
9.Ba3 Bb7 10.Re1 Re8 11.Bf1 Qc7 12.Qd2 Nf8 13.Rad1 Ng6 14.g3 Rad8 15.Bg2 h6
16.h3 Bf8 17.d5 cxd5 18.exd5 a6 19.Nh2 Bc8 20.Nf1 Bd7 21.Ne3 Rc8 22.Bb2 Ne7
23.Qd3 Ra8 24.Kh2 Qc8 25.Nc4 Qc7 26.Nxe5 Bf5 27.Qd2 Rac8 28.Nc4 Ng6 29.Ne3 Bd7
30.Qd3 a5 31.f4 Re7 32.Ne4 Nxe4 33.Bxe4 Rce8 34.Ng2 Qc8 35.g4 Qc5 36.Bd4 Qb4
37.Bc3 Qc5 38.Bd4 Qb4 39.Rb1 f5 40.gxf5 Bxf5 41.Bxf5 Rxe1 42.c3 Nxf4 43.Nxf4 Qa3
44.Bh7+  1-0

[Event "Autumn Cup"]
[Site "Bucharest ROM"]
[Date "2006.10.14"]
[Round "4"]
[White "Burnoiu,N1"]
[Black "Lajthajm,B"]
[Result "0-1"]
[WhiteElo "2419"]
[BlackElo "2519"]

1.e4 d6 2.d4 Nf6 3.Nc3 e5 4.dxe5 dxe5 5.Qxd8+ Kxd8 6.Bg5 Be6 7.O-O-O+ Kc8
8.f4 exf4 9.Bxf4 Ng4 10.Nh3 Nd7 11.Nb5 Nge5 12.Ng5 a6 13.Nxe6 axb5 14.Nxf8 Rxf8
15.g3 Ng4 16.Bh3 h5 17.Rd5 g6 18.Kb1 c6 19.Rd4 Ra4 20.Rhd1 Rxd4 21.Rxd4 Re8
22.b4 Ndf6 23.Bg2 Nxh2 24.c4 bxc4 25.Rxc4 Nhg4 26.b5 Ne5 27.Ra4 Kc7 28.bxc6 Kxc6
29.Ra5 Nfd7 30.Bf1 f6 31.Rd5 Nc5 32.a4 Nxe4 33.Rd4 Nd6 34.Bd2 Kc7 35.Ba5+ Kc6
36.Bg2+ Kd7 37.Bb4 Nf7 38.Bxb7 Ke6 39.Bd5+ Kf5 40.a5 Ke5 41.Bc3 Nb5 42.Bxf7 Nxc3+
43.Kc2 Re7 44.Kxc3 Rxf7 45.a6 Rc7+ 46.Rc4 Kd6  0-1

[Event "IRT5"]
[Site "Sao Paulo BRA"]
[Date "2006.10.14"]
[Round "6"]
[White "Crosa,M"]
[Black "De Haro,M"]
[Result "1-0"]
[WhiteElo "2386"]
[BlackElo "2126"]

1.e4 d6 2.d4 Nf6 3.Nc3 Nbd7 4.f4 e5 5.Nf3 exd4 6.Qxd4 c6 7.Be3 d5 8.O-O-O Bc5
9.Qd2 Bxe3 10.Qxe3 dxe4 11.Nxe4 O-O 12.Nxf6+ Qxf6 13.Ng5 Nb6 14.Bd3 Nd5 15.Bxh7+ Kh8
16.Qg3 Qxf4+ 17.Qxf4 Nxf4 18.Be4 Ne6 19.h4 Nc5 20.Nxf7+ Kg8 21.Ng5 Nxe4 22.Nxe4 Bg4
23.Rdf1 Be6 24.Nc3 Bc4 25.Rxf8+ Rxf8 26.b3 Bf1 27.Rg1 b6 28.Nd1 Kh7 29.Ne3 Ba6
30.Rd1 Rf7 31.c4 c5 32.Rf1 Re7 33.Kd2 Bb7 34.Rf4 Be4 35.g4 g5 36.hxg5 Kg6
37.Nd5 Bxd5 38.cxd5 Re5 39.Rf5 Re4 40.d6 Rd4+ 41.Kc3 Kg7 42.Rf6 Rxg4 43.Re6 Rxg5
44.Kc4 a6 45.a4 Kf7 46.Re7+ Kf6 47.Re4 Kf7 48.d7  1-0

[Event "WJun Girls"]
[Site "Yerevan ARM"]
[Date "2006.10.14"]
[Round "11"]
[White "Aghabekian,L"]
[Black "Arutyunova,D"]
[Result "1/2-1/2"]
[WhiteElo "2179"]
[BlackElo "2362"]

1.e4 d6 2.d4 Nf6 3.Nc3 c6 4.f4 Qa5 5.Bd3 e5 6.Nf3 Bg4 7.Be3 Nbd7 8.O-O Be7
9.h3 Bxf3 10.Qxf3 h5 11.a3 Qc7 12.Bc4 Nf8 13.fxe5 dxe5 14.d5 Ng6 15.dxc6 bxc6
16.Rad1 Rd8 17.Rxd8+ Bxd8 18.Ne2 O-O 19.Ng3 Nf4 20.Nf5 g6 21.Ng3 Qe7 22.Ne2 Bb6
23.Nxf4 exf4 24.Bxb6 axb6 25.Bd3 g5 26.Kh1 h4 27.e5 Qxe5 28.Qxc6 Qxb2 29.c3 Kg7
30.Rb1 Qd2 31.Rxb6 Qe1+ 32.Kh2 Qg3+ 33.Kg1 Qe3+ 34.Kh1 Qe1+ 35.Kh2 Qg3+ 36.Kh1 Qe1+  1/2-1/2

[Event "32nd Guernsey Chess Festival"]
[Site "Grand Harve Bay GCI"]
[Date "2006.10.15"]
[Round "1"]
[White "Twitchell,D"]
[Black "Roberts,P"]
[Result "0-1"]
[WhiteElo "2013"]
[BlackElo "2189"]

1.e4 d6 2.d4 Nf6 3.Nc3 e5 4.Nf3 Nbd7 5.h3 exd4 6.Qxd4 g6 7.Bg5 h6 8.Be3 Bg7
9.O-O-O O-O 10.Qd2 Kh7 11.e5 dxe5 12.Nxe5 Qe7 13.Ng4 Ng8 14.Nd5 Qe4 15.Bd3 Qa4
16.Nc3 Qa5 17.Kb1 Nc5 18.Nd5 Qxd2 19.Rxd2 Ne6 20.Rhd1 f5 21.f4 fxg4 22.hxg4 c6
23.Nc3 Nxf4 24.Bxf4 Rxf4 25.g5 Bxc3 26.bxc3 hxg5 27.g3 Rf8 28.Rh2+ Kg7 29.Rdh1 Nf6
30.Re1 Bf5 31.Bxf5 gxf5 32.Re5 Kg6 33.Re7 Rf7 34.Re6 Re8 35.Rd6 Rd7  0-1

[Event "Autumn Cup"]
[Site "Bucharest ROM"]
[Date "2006.10.17"]
[Round "7"]
[White "Murariu,A"]
[Black "Lajthajm,B"]
[Result "1-0"]
[WhiteElo "2516"]
[BlackElo "2519"]

1.e4 d6 2.d4 Nf6 3.Nc3 e5 4.Nf3 Nbd7 5.Bc4 Be7 6.O-O O-O 7.Re1 c6 8.a4 Qc7
9.Bg5 Re8 10.h3 Nf8 11.Ba2 exd4 12.Nxd4 Be6 13.Nxe6 fxe6 14.e5 dxe5 15.Bxf6 Bxf6
16.Ne4 Rad8 17.Qg4 Qe7 18.c3 g6 19.g3 Bg7 20.h4 h5 21.Qf3 Nh7 22.Qe3 b6 23.Bb1 Rd5
24.b4 Red8 25.Bc2 Qf8 26.Bb3 Bh6 27.Ng5 Bxg5 28.hxg5 R5d6 29.Qxe5 Qg7 30.Bxe6+ Kh8
31.Bc4 R6d7 32.f4 Nf8 33.Ra2 Qxe5 34.Rxe5 Rd1+ 35.Kf2 Rc1 36.Re3 Rb8 37.Rae2 b5
38.Bb3 bxa4 39.Bxa4 Rc8 40.Bb3 a6 41.Re8 Rxe8 42.Rxe8 Kg7 43.Re7+ Kh8 44.Rf7 Nh7
45.Rc7 Nxg5 46.fxg5 Rxc3 47.Bf7 h4 48.gxh4 Rh3 49.Rxc6 Rxh4 50.Rc4 Rh5 51.Rg4 Rh2+
52.Kg3 Rb2 53.Bxg6 a5 54.bxa5 Ra2 55.Rc4 Rxa5 56.Kg4 Kg7 57.Bf5 Ra6 58.Rc7+ Kh8
59.Kh5 Kg8 60.Bg6 Kh8 61.Kh6  1-0

[Event "Autumn Cup"]
[Site "Bucharest ROM"]
[Date "2006.10.18"]
[Round "8"]
[White "Thesing,M"]
[Black "Badea,B"]
[Result "0-1"]
[WhiteElo "2410"]
[BlackElo "2508"]

1.e4 d6 2.d4 Nf6 3.Nc3 e5 4.Nf3 Nbd7 5.Bc4 Be7 6.O-O O-O 7.a4 c6 8.Re1 b6
9.h3 a6 10.Ba2 Rb8 11.Bg5 b5 12.axb5 axb5 13.Qd3 Qc7 14.Nh4 Nb6 15.dxe5 dxe5
16.Nf5 Bxf5 17.exf5 Nbd7 18.g4 h6 19.Bh4 Bd8 20.Bg3 Re8 21.Qe2 Qb6 22.h4 b4
23.Ne4 Nxe4 24.Qxe4 Nf6 25.Qd3 Nd5 26.Bxd5 cxd5 27.Qxd5 Bf6 28.Re4 Rbd8 29.Qc4 Rd4
30.Qxd4 Qxd4 31.Rxd4 exd4 32.Rc1 d3 33.cxd3 Bxb2 34.Rc4 Bc3 35.Kg2 Rd8 36.Bc7 Rd7
37.Ba5 Rb7 38.Kf3 Rb5 39.Bc7 b3  0-1

[Event "WYB16"]
[Site "Batumi GEO"]
[Date "2006.10.19"]
[Round "1"]
[White "Mustaps,M"]
[Black "Nguyen Ngoc Truongson"]
[Result "0-1"]
[WhiteElo "2199"]
[BlackElo "2534"]

1.e4 d6 2.d4 Nf6 3.Nc3 e5 4.dxe5 dxe5 5.Qxd8+ Kxd8 6.Bg5 Be6 7.O-O-O+ Nd7
8.f4 exf4 9.Nf3 h6 10.Bxf4 Bc5 11.h3 Nh5 12.Bh2 Be3+ 13.Kb1 Bf4 14.Bxf4 Nxf4
15.Ne5 Kc8 16.Nxd7 Bxd7 17.Bc4 f6 18.e5 fxe5 19.Rhe1 Re8 20.Nd5 c6 21.Nxf4 exf4
22.Rxe8+ Bxe8 23.Rd4 g5 24.Rd6 h5 25.h4 f3 26.gxf3 Kc7 27.Rd4 c5 28.Re4 gxh4
29.Rxh4 Rd8 30.Kc1 Rd4 31.Rxd4 cxd4 32.Kd2 Kd6 33.f4 h4 34.Bf1 Bd7 35.Ke1 Bf5
36.Bg2 b6 37.Kd2 h3 38.Bh1 h2 39.c4 Bd7  0-1

[Event "Festival Najdorf Buenos Aires-Varsovia"]
[Site "Buenos Aires ARG"]
[Date "2006.10.19"]
[Round "2"]
[White "Socko,B"]
[Black "Felgaer,R"]
[Result "1-0"]
[WhiteElo "2630"]
[BlackElo "2591"]

1.e4 d6 2.d4 Nf6 3.Nc3 e5 4.Nf3 Nbd7 5.g3 c6 6.Bg2 b5 7.O-O Bb7 8.Re1 Be7
9.Nh4 g6 10.Bh6 Qb6 11.dxe5 dxe5 12.Bh3 b4 13.Nb1 Nc5 14.Nd2 Ba6 15.Nhf3 Qc7
16.a3 Rb8 17.Nxe5 Qxe5 18.Bf4 Qxb2 19.Bxb8 O-O 20.axb4 Qxb4 21.Bc7 Na4 22.Nb3 Bb5
23.Ba5 Qc4 24.Bf1 Qe6 25.Nd4 Qe5 26.Bxb5 cxb5 27.Nc6 Qe6 28.Nxe7+ Qxe7 29.e5 Nd7
30.Qd6 Re8 31.Qxe7 Rxe7 32.f4 Re6 33.Red1 Nac5 34.Bb4 a6 35.Rd5 Rc6 36.Ra3  1-0

[Event "HSK 1830 IM"]
[Site "Hamburg GER"]
[Date "2006.10.19"]
[Round "5"]
[White "Breuer,S"]
[Black "Kopylov,M"]
[Result "0-1"]
[WhiteElo "2330"]
[BlackElo "2469"]

1.e4 d6 2.d4 Nf6 3.Nc3 e5 4.Nf3 Nbd7 5.g3 Be7 6.Bg2 c6 7.a4 O-O 8.O-O Re8
9.h3 Bf8 10.Re1 Qc7 11.b3 b6 12.Nh4 g6 13.Ba3 Bb7 14.Qd2 a6 15.Rad1 exd4
16.Qxd4 c5 17.Qd2 Re6 18.Nd5 Bxd5 19.exd5 Rxe1+ 20.Rxe1 b5 21.Bb2 Bg7 22.Nf3 bxa4
23.Ng5 Nb6 24.Bc3 axb3 25.cxb3 Re8 26.Ra1 h6 27.Qb2 Qd8 28.Ne4 Nbxd5 29.Nxf6+ Nxf6
30.Rxa6 Nh5 31.Bxg7 Nxg7 32.Qd2 Nf5 33.Ra7 Kg7 34.b4 Nd4 35.bxc5 dxc5 36.Qa2 Re1+
37.Kh2 Qf6 38.Bd5 Nf3+ 39.Bxf3 Qxf3  0-1

[Event "70th Jubilee"]
[Site "Obro DEN"]
[Date "2006.10.19"]
[Round "6"]
[White "Jensen,Bj"]
[Black "Varga,Zo"]
[Result "0-1"]
[WhiteElo "2241"]
[BlackElo "2508"]

1.e4 d6 2.d4 Nf6 3.Nc3 Nbd7 4.Nf3 e5 5.dxe5 dxe5 6.Bc4 Bb4 7.Qe2 Bxc3+ 8.bxc3 Qe7
9.a4 O-O 10.Ba3 c5 11.a5 b6 12.Bc1 Bb7 13.Bg5 h6 14.Bh4 Rfd8 15.Nd2 Nf8 16.f3 Ng6
17.Bf2 Nf4 18.Qf1 Bc6 19.g3 Ne6 20.Be3 Ne8 21.Qf2 Nd6 22.Be2 Nb5 23.Nb1 Ng5
24.Ra2 Nd6 25.h4 Ngxe4 26.fxe4 Nxe4 27.Qg1 Qe6 28.Rb2 Nxg3 29.Qxg3 Bxh1 30.Nd2 bxa5
31.Rb5 Rac8 32.Rxa5 Rc7 33.Nf3 Bxf3 34.Bxf3 Qb6 35.Ra4 Qb1+ 36.Kf2 Qxc2+  0-1

[Event "III Open"]
[Site "Calvia ESP"]
[Date "2006.10.20"]
[Round "1"]
[White "Rendle,T"]
[Black "Suuronen,P"]
[Result "1-0"]
[WhiteElo "2382"]
[BlackElo "1925"]

1.e4 d6 2.d4 Nf6 3.Nc3 e5 4.Nf3 Nbd7 5.Bc4 Be7 6.O-O O-O 7.dxe5 Nxe5 8.Nxe5 dxe5
9.Qe2 c6 10.a4 b6 11.Kh1 Qc7 12.f4 Bd6 13.f5 Bb7 14.Bg5 Be7 15.Bxf6 Bxf6
16.Qh5 Rad8 17.Rf3 Rd4 18.Bb3 Qe7 19.Raf1 Kh8 20.g4 h6 21.g5 Bxg5 22.f6 gxf6
23.Rxf6 Qxf6 24.Rxf6  1-0